000 00604nam a2200205Ia 4500
005 20250923145602.0
008 008 250917s9999 xx 000 0 eng d
037 _aTextual
040 _aDSWL
_beng
_cDSWL
041 _aeng
_2eng
084 _aYX;5:8x2, N80;1
_qDSWL
245 0 _aSocial Administration Development & change
_cEd. by T.N. Chaturvedi
260 _aNew Delhi
_bDelhi I.I.P.A.
_c1980
300 _axxiv,440p.
365 _aINR
_b117.00
700 _a S.K. Chandra
_9836870
925 _g117.00
942 _cTEXL
_hYX;5:8x2, N80;1
999 _c1453161
_d1453161